000
00334nam a2200121Ia 4500
008
190415s9999 xx 000 0 und d
082
_a
RI.002;
100
_a
India. National Commission on
245
0
_a
Teachers in higher education : Mobility and Inbreeding / K.A. Naqi, K. Chopra an
260
_c
0
300
_a
128p.
942
_c
BK
999
_c
22079
_d
22079